00407nam a2200157Ia 4500001000500000005001700005008004100022041000800063082001700071100003600088245007200124260000900196300002800205650000800233654000800241856320260306160618.0260306t2005||||xx |||||||||||||| ||spa|| aESP a371.12bF617 aPaquay, Léopold [coord.]eAUT 0aLa formación profesional del maestro:bestrategias y competencias c2005 a400 páginas :c14 cm. aGEN aCED